<?xml version="1.0" encoding="UTF-8"?>
<marc:record xmlns:marc="http://www.loc.gov/MARC21/slim">
   <marc:leader>00000nam a2200000 a 4500</marc:leader>
   <marc:datafield ind1="1" ind2=" " tag="100">
      <marc:subfield code="a">Bergmann, Hans-Heiner</marc:subfield>
      <marc:subfield code="4">aut</marc:subfield>
      <marc:subfield code="e">Verfasser/-in</marc:subfield>
   </marc:datafield>
   <marc:datafield ind1="0" ind2="0" tag="245">
      <marc:subfield code="a">Die große Kosmos Vogelstimmen DVD [Elektronische Ressource]</marc:subfield>
   </marc:datafield>
   <marc:datafield ind1="0" ind2="0" tag="245">
      <marc:subfield code="b">; 220 Vöge, Filme und Stimmen</marc:subfield>
   </marc:datafield>
   <marc:datafield ind1=" " ind2="1" tag="264">
      <marc:subfield code="b">Kosmos</marc:subfield>
      <marc:subfield code="c">2012</marc:subfield>
   </marc:datafield>
   <marc:datafield ind1="1" ind2=" " tag="520">
      <marc:subfield code="a">DVD 1: von Alpenbraunelle bis Zistensänger Einzigartige Filme mit wunderschönen Vogelgesängen und Vogelrufen, die begeistern. 110 Singvogelarten in 110 Filmen; von der Alpenbraunelle bis zum Zistensänger, Filme mit schnabelsynchronem Originalton: Gesänge, Rufe und Instrumentallaute, einfache Gesänge von Grauschnäpper und Schirlen, erfindungsreiche Strophen von Nachtigall und Spöttern, singende Vögel im Flug, auf der Warte und im Verborgenen. DVD 2: von Alpenstrandläufer bis Zwergtaucher Einzigartige Filme mit wunderschönen Vogelgesängen und Vogelrufen, die begeistern. 110 Nicht-Singvögel in 110 Filmen: vom Alpenstrandläufer bis zum Zwergtaucher, Filme mit schnabelsynchronem Originalton: Gesänge, Rufe und Instrumentallaute, singende und trommelnde Spechte, Eulengesänge, baldzende Watvögel, Revierverhalten der Raufußhühner. Das Buch zu den Filmen:  - 220 Vogelporträts mit Beschreibung der Stimmen - Farbzeichnungen der Vöel - Aufnahmedaten zu jeder Art - Erläuterungen zu den DVD's - Hintergrundinformationen zu den Aufnahmen.</marc:subfield>
   </marc:datafield>
   <marc:datafield ind1="3" ind2=" " tag="024">
      <marc:subfield code="a">9783440126158</marc:subfield>
   </marc:datafield>
</marc:record>
